[Event "Landesliga U20 Sued 1617"]
[Site "Bayern"]
[Date "2017.01.21"]
[Round "5.2"]
[White "Bogner, Simon"]
[Black "Kerkhoff, Jan"]
[Result "1/2-1/2"]
[WhiteElo "1639"]
[BlackElo "1782"]
[PlyCount "97"]
[EventDate "2016.11.12"]
[EventType "team-tourn"]
[EventRounds "7"]
[EventCountry "GER"]
[SourceTitle "EXT 2022"]
[Source "ChessBase"]
[SourceDate "2021.10.06"]
[SourceVersion "1"]
[SourceVersionDate "2021.10.06"]
[SourceQuality "1"]
[WhiteTeam "Buchloe U20"]
[BlackTeam "Unterhaching U20"]
[WhiteTeamCountry "GER"]
[BlackTeamCountry "GER"]

1. e4 e5 2. Nf3 Nc6 3. Bb5 a6 4. Ba4 b5 5. Bb3 Nf6 6. 0-0 Bc5 7. Re1 d6 8. h3 Be6 9. c3 0-0 10. d4 Bxb3 11. axb3 exd4 12. cxd4 Bb6 13. Bg5 h6 14. Bh4 Re8 15. Qd3 g5 16. Bg3 Nh5 17. Bh2 Qf6 18. e5 Nf4 19. Bxf4 Qxf4 20. g3 Nxe5 21. Nxe5 Qxd4 22. Qxd4 Bxd4 23. Nd3 Rxe1+ 24. Nxe1 Bxb2 25. Ra2 Bd4 26. Nf3 Bb6 27. Nc3 c6 28. Rd2 Ba5 29. Rc2 Bxc3 30. Rxc3 c5 31. Nd2 Kf8 32. Kf1 a5 33. Ke2 a4 34. bxa4 Rxa4 35. Rb3 b4 36. Rd3 Ke7 37. Nc4 Ra6 38. Rf3 Ke6 39. Rd3 d5 40. Re3+ Kf6 41. Nd2 Re6 42. Kd3 Rxe3+ 43. fxe3 g4 44. h4 Ke5 45. Kc2 c4 46. Kd1 c3 47. Nb3 Kd6 48. Kc2 Ke5 49. Kd3 1/2-1/2